00443nam a2200217Ia 4500008004100000037000900041037000900050037001600059040000800075041001400083082000600097100001200103245002300115250000600138260002600144260001500170300000700185365000700192630000800199650001800207150814s9999 xx 000 0 und d cGift gGift nDr. Ebrahim bmal aMalayalam aB aAshitha aAPOORNA VIRAMANGAL a0 bMulberry Publications c1993/01/01 g80 b22 aNil aCherukadhakal